MARC details
| 000 -LÍDER |
| campo de controle de tamanho fixo |
01463nac a22003617a 4500 |
| 001 - NÚMERO DE CONTROLE |
| campo de controle |
BR8806139 |
| 003 - IDENTIFICADOR DO NÚMERO DE CONTROLE |
| campo de controle |
BR-BrBNA |
| 005 - DATA E HORÁRIO DA ÚLTIMA TRANSAÇÃO |
| campo de controle |
20240105120842.0 |
| 008 - CAMPO DE DADOS FIXOS--INFORMAÇÃO GERAL |
| campo de controle de tamanho fixo |
230509b bl.|||m| |||| 00| 0 por d |
| 040 ## - FONTE DA CATALOGAÇÃO |
| Instituição da catalogação original |
BR-BrBNA |
| Idioma da catalogação |
por |
| Instituição que transcreveu o registro |
Biblioteca Nacional de Agricultura |
| 072 ## - CÓDIGO DE CATEGORIA DE ASSUNTO |
| Código de Categoria de Assunto |
E11; E12; E50 |
| 090 ## - NÚMERO DE CHAMADA LOCAL |
| Número de chamada |
E11 BR8806139 |
| 100 1# - ENTRADA PRINCIPAL--NOME PESSOAL |
| Nome pessoal |
Araujo, P.C. de |
| 110 1# - ENTRADA PRINCIPAL--NOME CORPORATIVO |
| Nome corporativo ou nome da jurisdição |
Empresa Maranhense de Pesquisa Agropecuaria, Sao Luis, MA (Brasil) |
| 9 (RLIN) |
4228 |
| 245 1# - TÍTULO |
| Título |
Avaliacao de recursos naturais e socio-economico; 1 - Estrutura agraria dos municipios de Pinheiro, Sao Bento e Palmeirandia, na Bacia Ocidental Maranhense (Diagnostico preliminar) |
| 246 1# - FORMA VARIANTE DO TÍTULO |
| Título/título abreviado |
[Evaluation of natural and socio-economical resources; 1 - Agrarian estructure at the municipalities of Pinheiro, Sao Bento and Palmeirandia, at the occidental part of the state of Maranhao, Brazil (Preliminary diagnosis] |
| 260 3# - PUBLICAÇÃO, DISTRIBUIÇÃO, ETC. |
| Local de publicação, distribuição, etc. |
Sao Luis, MA (Brasil): |
| Data da publicação, distribuição, etc. |
1988. |
| 300 ## - DESCRIÇÃO FÍSICA |
| Extensão |
96 p. |
| 490 ## - TÍTULO DA SÉRIE |
| Título da série |
Documentos - Empresa Maranhense de Pesquisa Agropecuaria (Brazil) |
| Número do volume ou designação sequencial da série |
no. 11 |
| ISSN - International Standard Serial Number |
ISSN 0102-3977 |
| 500 ## - NOTA GERAL |
| Nota geral |
55 tables; 14 ref.; 6 illus. |
| 650 ## - ASSUNTO--TERMO TÓPICO |
| Cabeçalho tópico ou nome geográfico |
ESTRUTURA AGRARIA |
| 650 ## - ASSUNTO--TERMO TÓPICO |
| Cabeçalho tópico ou nome geográfico |
POSSE DE TERRA |
| 650 ## - ASSUNTO--TERMO TÓPICO |
| Cabeçalho tópico ou nome geográfico |
USO DA TERRA |
| 650 ## - ASSUNTO--TERMO TÓPICO |
| Cabeçalho tópico ou nome geográfico |
TRABALHO |
| 650 ## - ASSUNTO--TERMO TÓPICO |
| Cabeçalho tópico ou nome geográfico |
MAO-DE-OBRA |
| 650 ## - ASSUNTO--TERMO TÓPICO |
| Cabeçalho tópico ou nome geográfico |
POPULACAO |
| 650 ## - ASSUNTO--TERMO TÓPICO |
| Cabeçalho tópico ou nome geográfico |
PRODUCAO VEGETAL |
| 650 ## - ASSUNTO--TERMO TÓPICO |
| Cabeçalho tópico ou nome geográfico |
PRODUCAO ANIMAL |
| 650 ## - ASSUNTO--TERMO TÓPICO |
| Cabeçalho tópico ou nome geográfico |
TECNOLOGIA AGRICOLA |
| 650 ## - ASSUNTO--TERMO TÓPICO |
| Cabeçalho tópico ou nome geográfico |
PINHEIRO |
| 909 ## - |
| -- |
202312 |
| -- |
Lúcia Elande |
| -- |
55 |
| -- |
Lúcia Elande |
| 942 ## - ELEMENTOS DE ENTRADA ADICIONADOS (KOHA) |
| Fonte da classificação ou esquema de arquivamento na estante |
Classificação AGRIS |
| Ocultar no OPAC |
Não |
| Tipo de material Koha |
Monografia Seriada |